|
|
|
|
| LEADER |
00000nam a2200000 4500 |
| 001 |
vtls011763325 |
| 003 |
SK-MaSNL |
| 005 |
20260302021141.0 |
| 007 |
co cg auuua |
| 008 |
180621s2017 xo | qn 000 0 slo |
| 015 |
|
|
|a SNBS2018
|
| 020 |
|
|
|a 9788055328027
|q (elektronická kniha)
|
| 040 |
|
|
|a SNK
|b slo
|c SNK
|e rda
|
| 041 |
0 |
|
|a slo
|a eng
|
| 044 |
|
|
|a xo
|c SK
|
| 072 |
|
7 |
|a 53
|x Fyzika
|2 konspekt
|
| 080 |
|
|
|a 531.5
|2 2011
|
| 080 |
|
|
|a 537.1
|2 2011
|
| 080 |
|
|
|a 53.01/.07
|2 2011
|
| 080 |
|
|
|a 531
|2 2011
|
| 080 |
|
|
|a 523
|2 2011
|
| 080 |
|
|
|a 001.51
|2 2011
|
| 080 |
|
|
|a (048.8)
|2 2011
|
| 080 |
|
|
|a (0.034.44)
|2 2011
|
| 100 |
1 |
|
|a Madáč, Kamil,
|d 1949-
|4 aut
|9 197740
|
| 245 |
1 |
0 |
|a Gravitácia, elektrina a zotrvačnosť
|c Kamil Madáč
|
| 250 |
|
|
|a Version 1.0
|
| 264 |
|
1 |
|a Košice
|b [Technická univerzita v Košiciach]
|c 2017
|
| 300 |
|
|
|a 1 CD-ROM
|b farebný
|c 12 cm
|
| 336 |
|
|
|a text
|b txt
|2 rdacontent
|
| 337 |
|
|
|a počítač
|b c
|2 rdamedia
|
| 338 |
|
|
|a počítačový disk
|b cd
|2 rdacarrier
|
| 347 |
|
|
|a textový súbor
|b PDF
|2 rda
|
| 500 |
|
|
|a Vydavateľstvo podľa NA ISBN
|
| 504 |
|
|
|a Obsahuje bibliografiu
|
| 530 |
|
|
|a Vydané aj v tlačenej forme
|
| 546 |
|
|
|a Text čiastočne v angličtine
|
| 650 |
0 |
7 |
|a fyzikálne javy
|2 SNKPH
|9 236414
|
| 650 |
0 |
7 |
|a gravitácia
|2 SNKPH
|9 4407
|
| 650 |
0 |
7 |
|a elektrina
|2 SNKPH
|9 1257
|
| 650 |
0 |
7 |
|a zotrvačnosť
|2 SNKPH
|9 23407
|
| 650 |
0 |
7 |
|a hypotéza
|2 SNKPH
|9 71481
|
| 650 |
0 |
7 |
|a Physical phenomena
|2 SNKPHeng
|9 369523
|
| 650 |
0 |
7 |
|a Gravity
|2 SNKPHeng
|9 311523
|
| 650 |
0 |
7 |
|a Electricity
|2 SNKPHeng
|9 351016
|
| 650 |
0 |
7 |
|a Inertia
|2 SNKPHeng
|9 665057
|
| 650 |
0 |
7 |
|a Solar system
|2 SNKPHeng
|9 328273
|
| 650 |
0 |
7 |
|a Hypothesis
|2 SNKPHeng
|9 353940
|
| 651 |
|
7 |
|a Slnečná sústava
|2 SNKPH
|9 1785
|
| 655 |
|
7 |
|a monografie
|2 SNKPH
|9 70139
|
| 655 |
|
7 |
|a CD-ROM
|2 SNKPH
|9 70236
|
| 655 |
|
7 |
|a Monographs
|2 SNKPHeng
|9 120675
|
| 776 |
1 |
|
|t Gravitácia, elektrina a zotrvačnosť
|w vtls011742615
|
| 919 |
|
|
|a 978-80-553-2802-7
|
| 958 |
|
|
|a NB
|
| 999 |
|
|
|c 1027708
|d 1029638
|
| 952 |
|
|
|a SNK
|b SNK
|y PREZ
|7 0
|p 17A1332126
|o snkSCDM 10005
|i snk2018/13416
|8 0
|0 0
|1 0
|4 0
|d 2018-06-21
|l 0
|r 2026-02-24 13:44:34
|w 2026-02-24
|